000 00341nam a22001337a 4500
008 171016b xxu||||| |||| 00| 0 eng d
020 _a9780073137155
041 _aeng
080 _24 ED
_a33
100 _a52
101 _aECO
245 _aAN INTRODUCTION COLLECTIVE BARGAINING INDUSTRIAL RELATIONS
_cCOLVIN.A.J.S
942 _2udc
_cBK
999 _c34075
_d34075